| 000 | 00875cab a2200241 4500 | ||
|---|---|---|---|
| 001 | ABS53193 | ||
| 008 | 090401t1995 xxu||||| |||| 00| 0 eng d | ||
| 035 | _a(Sirsi) u2588 | ||
| 041 | _aeng | ||
| 245 | _aRefurbishment | ||
| 260 | _c1995 | ||
| 350 | _a0 | ||
| 490 |
_aNew Builder _v(264) 30 June 1995, 19-26(7) |
||
| 520 | _aSpecial feature on building refurbishment, one of the healthiest sectors of the UK construction industry, including articles on tenants involvement in improving a local authority housing estate, research to combat dry rot and a product review. | ||
| 650 | _aCONSTRUCTION MARKET | ||
| 650 | _aBUILT ENVIRONMENT-BUILDING PATHOLOGY-INFESTATION (FUNGAL)-FUNGI-DRY ROT | ||
| 650 | _aHOUSING ESTATES | ||
| 650 | _aREFURBISHMENT MARKET | ||
| 650 | _aRIDDINS MOUND ESTATE | ||
| 690 |
_aRefurbishment _96264 |
||
| 942 | _n0 | ||
| 948 | _c04/03/1997 | ||
| 999 |
_c1560 _d1560 |
||